LEADER 00925cam0-2200325---450- 001 990005812130403321 005 20131205111233.0 010 $a88-11-47274-1 035 $a000581213 035 $aFED01000581213 035 $a(Aleph)000581213FED01 035 $a000581213 100 $a19990604d1994----km-y0itay50------ba 101 0 $aita 102 $aIT 105 $a--------001yy 200 1 $a<>critica letteraria in Italia$e1945-1994$fGiuseppe Leonelli 210 $aMilano$cGarzanti$d1994 215 $a263 p.$d20 cm 225 1 $aStrumenti di studio 610 0 $aCritica letteraria italiana$a1945-1994 676 $a801.950945 700 1$aLeonelli,$bGiuseppe$f<1948- >$0160881 801 0$aIT$bUNINA$gRICA$2UNIMARC 901 $aBK 912 $a990005812130403321 952 $a801.950 LEO 1$bDip.f.m.6845$fFLFBC 959 $aFLFBC 996 $aCritica letteraria in Italia$9142499 997 $aUNINA LEADER 01222nam a22003251i 4500 001 991001865379707536 008 061002s2005 ksua b 010 0 eng d 020 $a1891276492 035 $ab13439650-39ule_inst 040 $aDi.S.Te.B.A.$beng 082 0 $a 576.8$222 245 00$aMacroevolution :$bdiversity, disparity, contingency : essays in honor of Stephen Jay Gould /$cedited by Elisabeth Vrba and Niles Eldredge 260 $aLawrence, KS :$bPaleontological Society,$cc2005 300 $a210 p. :$bill. (some col.) ;$c26 cm 500 $a"Supplement to Paleobiology, v. 31(2)" 504 $aIncludes bibliographical references 600 10$aGould, Stephen Jay 650 0$aMacroevolution 650 0$aPaleobiology 700 1 $aVrba, Elisabeth S. 700 1 $aEldredge, Niles 700 1 $aGould, Stephen Jay 710 2 $aPaleontological Society 730 0 $aPaleobiology$960140 907 $a.b13439650$b11-12-06$c02-10-06 912 $a991001865379707536 945 $aLE003 576.8 VRB01.01 (2005) $g1$i2003000090635$lle003$op$pE28.08$q-$rl$s- $t0$u0$v0$w0$x0$y.i14331858$z06-12-06 996 $aPaleobiology$960140 997 $aUNISALENTO 998 $ale003$b02-10-06$cm$da $e-$feng$gksu$h0$i0